Manifesto for learning / (Record no. 3989)

MARC details
000 -LEADER
fixed length control field 00773nam a22002532 4500
001 - CONTROL NUMBER
control field 0000019668
005 - DATE AND TIME OF LATEST TRANSACTION
control field 20151217145918.0
008 - FIXED-LENGTH DATA ELEMENTS--GENERAL INFORMATION
fixed length control field 110118s xx 000 0 eng d
020 ## - INTERNATIONAL STANDARD BOOK NUMBER
International Standard Book Number 0826450970 :
040 ## - CATALOGING SOURCE
Original cataloging agency KABU
Transcribing agency KABU
100 1# - MAIN ENTRY--PERSONAL NAME
Personal name Collins, Janet.
-- 0000179510
245 10 - TITLE STATEMENT
Title Manifesto for learning /
Statement of responsibility, etc. Janet Collins, Joe Harkin and Melanie Nind.
250 ## - EDITION STATEMENT
Edition statement 1st ed.
260 ## - PUBLICATION, DISTRIBUTION, ETC. (IMPRINT)
Place of publication, distribution, etc. London :
Name of publisher, distributor, etc. Continuum,
Date of publication, distribution, etc. 2002.
300 ## - PHYSICAL DESCRIPTION
Extent xvi, 197p.
650 #0 - SUBJECT ADDED ENTRY--TOPICAL TERM
Topical term or geographic name as entry element Learning.
-- 0000153525
650 #0 - SUBJECT ADDED ENTRY--TOPICAL TERM
Topical term or geographic name as entry element Learning, Psychology of.
-- 0000153570
700 1# - ADDED ENTRY--PERSONAL NAME
Personal name Harkin, Joe.
-- 0000179511
700 1# - ADDED ENTRY--PERSONAL NAME
Personal name Nind, Melanie.
-- 0000179512
908 ## - PUT COMMAND PARAMETER (RLIN)
Put command parameter 110118
950 ## - LOCAL HOLDINGS (RLIN)
-- 1
Holdings
Withdrawn status Lost status Source of classification or shelving scheme Not for loan Home library Current library Date acquired Total Checkouts Full call number Barcode Date last seen Price effective from Koha item type
    Library of Congress Classification   Kabarak, Main Campus Kabarak, Main Campus 17/12/2015   LB1060 .C65 2002 c.2 23078 17/12/2015 17/12/2015 General Collection
    Library of Congress Classification   Kabarak, Main Campus Kabarak, Main Campus 17/12/2015   LB1060 .C65 2002 c.1 23079 17/12/2015 17/12/2015 General Collection
Designed with assistance from East African Informatics Ltd